| 000 | 00781nam a2200229 a 4500 | ||
|---|---|---|---|
| 999 |
_c10126 _d10126 |
||
| 001 | 10126 | ||
| 003 | BD-JhCC | ||
| 005 | 20180418124907.0 | ||
| 008 | 171031s1992 bg |||| ||a| 000 0 ben d | ||
| 020 | _a9840725475 | ||
| 035 | _a(BD-JhCC)10126 | ||
| 040 |
_aBD-JhCC _dBD-JhCC |
||
| 041 | _aben | ||
| 082 |
_a891.4415 _bKAY 1992 |
||
| 100 | _aকাইউম, মোহাম্মদ আবদুল | ||
| 245 |
_aআলাওল বিরচিত সতী-ময়না লোর-চন্দ্রানী / _cমোহাম্মদ আবদুল কাইউম (সম্পা.) |
||
| 260 |
_aঢাকা : _bবাংলা একাডেমী, _c1992. |
||
| 300 |
_a127 p. : _c22 cm. |
||
| 650 | _aPoem | ||
| 942 |
_2ddc _cBK |
||